000 00626nam a2200217Ia 4500
003 OSt
005 20220926044933.0
006 a|||||r|||| 00| 0
007 ta
008 220923b |||||||| |||| 00| 0 eng d
037 _cGeneral Book
040 _aRTL
_cRTL
_beng
041 _2eng
_aeng
082 _aT.2.M3t, GD
110 _aIndia, Council on Education (Committee of-)
_9349576
245 0 _aMinutes
490 _v1839-40, with appendices and plans of school houses
700 _aIndia, Council on Education (Committee of-)
_9349577
942 _hT.2.M3t, GD
_cGB
_2CC
999 _c676188
_d676188